01818nam a22003974a 4500001001200000003000800012006001900020007001500039008004100054010001700095020002200112040002100134035002100155050002700176082001600203111009000219245025900309246003600568260005000604300003300654490004600687500005600733504004100789533015200830650003500982650003601017655002901053700001701082700002101099700001501120710006501135710001701200830006001217856012601277999001701403ebr10255976CaPaEBRm u cr cn|||||||||060913s2004 si ac sb 110 0 eng c z 2006298349 z9812388125 (hbk.) aCaPaEBRcCaPaEBR a(OCoLC)26032194714aQC793.3.S8bH54 2003eb04a539.7/42222 aHighly Specialized Seminar on Symmetries in Nuclear Structured(2003 :cErice, Italy)10aProceedings of the Highly Specialized Seminar on Symmetries in Nuclear Structureh[electronic resource] :ban occasion to celebrate the 60th birthday of Francesco Iachello, Erice, Italy, 23-30 March, 2003 /ceditors, Andrea Vitturi and Richard F. Casten.30aSymmetries in nuclear structure aRiver Edge, N.J. :bWorld Scientific,cc2004. axiii, 480 p. :bill., ports.1 aScience and culture series. Physics ;v24 aThe meeting was held in the Ettore Majorana Centre. aIncludes bibliographical references. aElectronic reproduction.bPalo Alto, Calif. :cebrary,d2013.nAvailable via World Wide Web.nAccess may be limited to ebrary affiliated libraries. 0aNuclear structurevCongresses. 0aSymmetry (Physics)vCongresses. 7aElectronic books.2local1 aIachello, F.1 aVitturi, Andrea.1 aCasten, R.2 aEttore Majorana International Centre for Scientific Culture.2 aebrary, Inc. 0aScience and culture series (Singapore).pPhysics ;v24.40uhttp://site.ebrary.com/lib/rucke/Doc?id=10255976zAn electronic book accessible through the World Wide Web; click to view c14392d14392